Cách dùng các thì trong tiếng Anh
Trình bày lý thuyết các quy tắc sử dụng các thì tiếng Anh; đưa ra các ví dụ minh họa; cung cấp bài tập củng cố và nâng cao
Đã lưu trong:
| Tác giả chính: | |
|---|---|
| Định dạng: | Sách |
| Năm xuất bản: |
H.
NXB Giáo dục
1996
|
| Phiên bản: | In lần thứ 6 có bổ sung và hiệu đính |
| Chủ đề: | |
| Tags: |
Thêm thẻ
Không có thẻ, Hãy là người đầu tiên gắn thẻ bản ghi này!
|
| LEADER | 00789nam a2200193 4500 | ||
|---|---|---|---|
| 082 | |a 425 |b L250D | ||
| 100 | |a Lê Dũng | ||
| 242 | |a The use of tenses in English | ||
| 245 | |a Cách dùng các thì trong tiếng Anh |c Lê Dũng | ||
| 250 | |a In lần thứ 6 có bổ sung và hiệu đính | ||
| 260 | |a H. |b NXB Giáo dục |c 1996 | ||
| 300 | |a 112 tr. |c 21 cm | ||
| 520 | |a Trình bày lý thuyết các quy tắc sử dụng các thì tiếng Anh; đưa ra các ví dụ minh họa; cung cấp bài tập củng cố và nâng cao | ||
| 653 | |a Ngôn ngữ | ||
| 653 | |a Tiếng Anh | ||
| 653 | |a Ngữ pháp | ||
| 942 | |2 ddc |c SH | ||
| 999 | |c 3374 |d 3374 | ||
| 952 | |0 0 |1 0 |2 ddc |4 0 |6 425_000000000000000_L250D |7 0 |8 400 |9 36093 |a qbu |b qbu |c D4 |d 2014-12-16 |g 6500 |o 425 L250D |p 2366.C1 |r 0000-00-00 |w 2014-12-16 |y SH | ||